| 000 | 00367nam a2200157Ia 4500 | ||
|---|---|---|---|
| 005 | 20240807062239.0 | ||
| 008 | 240806s9999||||xx |||||||||||||| ||eng|| | ||
| 041 | _aeng | ||
| 082 |
_a891.433 _bSHAR |
||
| 100 | _aPrabhat Shastri | ||
| 245 | 0 |
_aRaghuwansh / _cPrabhat Shastri |
|
| 260 | _bSahitya Bhandar | ||
| 300 | _a88 | ||
| 650 | _aGeneral Studies | ||
| 942 | _cBK | ||
| 999 |
_c13051 _d13051 |
||